000 00496nam a2200181Ia 4500
001 10169
005 20260306161812.0
008 260306t1971||||xx |||||||||||||| ||spa||
041 _aESP
082 _a902.025
_bC81
100 _aComisión Nacional del Sesquicentenario de la Independencia del Perú
_eAUT
245 0 _aV congreso internacional de historia de América
260 _c1971
300 _a96 páginas :
_c17 cm.
650 _aGEN
654 _aCHU
942 _cLIB
_dJUS
_fJUS
_2ddc
_n
999 _c10169
_d10169